02164nlm0 22002051i 450 001001300000006001900013007001500032008004100047020001800088040000800106100003500114245010900149260001200258260003000270300001100300520137800311856009301689856009601782856008001878HARMA 223794m g0 d cr mn ---auama260513c go d fre  a9782336597218 bfre0 aYves Lacascade, Stéphane Beaud aDouce France - On était des Arabes dans des cités perduesbOn était des Arabes dans des cités perdues -  aParis : bEditions L'Harmattan a386 p. aQue signifiait avoir vingt ans, loin des Aurès, à l’aube des années 2000, lorsqu’on était fils de travailleurs immigrés algériens dans un quartier relégué d’une petite ville de<br>l’Avesnois, fragilisée par la désindustrialisation ?<br>Que signifiait grandir dans un environnement marqué par la précarité sociale mais également par la montée d’un racisme municipal prétendant restaurer l’identité locale et protéger les habitants présentés comme « de souche » des dangers auxquels étaient supposés les exposer les immigrés et leurs enfants ?<br>À l’occasion de deux longs terrains menés à quinze ans d’intervalle à Hautmont, dans la vallée de la Sambre, Yves Lacascade documente le douloureux passage à l’âge adulte d’une jeunesse encalminée et discriminée mais forte des liens de solidarité construits, entre pairs, depuis l’enfance et viscéralement attachée à la cité dans laquelle elle a grandi. Il analyse les perspectives que cette génération de fils d’immigrés est parvenue à se donner, alors même qu’elle se percevait plongée dans une « galère » qui semblait ne jamais devoir finir.<br>Son approche démontre l’intérêt de mener des enquêtes ethnographiques longitudinales à long terme sur les fractions racisées les plus invisibilisées des milieux populaires.40uhttps://www.editions-harmattan.fr/catalogue/couv/9782336597218r.jpg2Image de couverture40uhttps://www.harmatheque.com/downloadebook/97823365972182Télécharger le livre au format PDF40uhttps://www.harmatheque.com/readebook/97823365972182Lire ce livre en ligne